000 00515nam a22001697a 4500
005 20251108165305.0
008 250721s1992 xx 000 0 ara d
082 1 4 _a958.1/عاي
100 1 _aعايش، حسني
_eمعد
245 1 0 _aالأزمة الأفغانية :
_bجذورها و أبعادها /
264 1 _aعمان :
_bدار الكرمل للنشر و التوزيع،
_c1992.
300 _a59ص
650 1 7 _aأفغانستان
650 1 7 _aالتاريخ
942 _2ddc
_cBK
999 _c24267
_d24267